000 00538nam a2200169Ia 4500
008 090711s9999 xx 000 0 und d
082 _b3041
100 _aसावरकर विनायक दा.
245 _aक्ष किरणे
260 _bमौज प्रकाशन
_c1950
300 _a176
600 _aसावरकर विनायक दा.
630 _aक्ष किरणे
700 _aसावरकर विनायक दा.
730 _aक्ष किरणे
942 _cBOOK
999 _c284433
_d284433